000
00334nam a2200145Ia 4500
008
230718s9999 xx 000 0 und d
041
_a
Eng.
082
_a
430.4
_b
BPP-O
100
_a
Bpp Learning
245
0
_a
organizational Framework
260
_a
Pakistan
_b
Bpp Publisher
_c
2002
300
_a
659
650
_a
Law
999
_c
27305
_d
27305